logo

Bir Sreshtho Munshi Abdur Rouf Library
Jhenaidah Cadet College

Prisoners of geography : (Record no. 14387)

MARC details
000 -LEADER
fixed length control field 00691nam a2200217 a 4500
001 - CONTROL NUMBER
JCCL Control Number 14387
003 - CONTROL NUMBER IDENTIFIER
JCCL marc code BD-JhCC
005 - DATE AND TIME OF LATEST TRANSACTION
control field 20250907123517.0
008 - FIXED-LENGTH DATA ELEMENTS--GENERAL INFORMATION
fixed length control field 250907b20152025nyua|||| ||a| 001 0 eng d
020 ## - INTERNATIONAL STANDARD BOOK NUMBER
International Standard Book Number 9781783968596
035 ## - SYSTEM CONTROL NUMBER
system control number (BD-JhCC)14387
040 ## - CATALOGING SOURCE
Original cataloging agency BD-JhCC
Modifying agency BD-JhCC
041 ## - LANGUAGE CODE
Language code of Book english
082 ## - DEWEY DECIMAL CLASSIFICATION NUMBER
Classification number 327
Author mark and Year MAR 2025
100 ## - MAIN ENTRY--PERSONAL NAME
Personal name Marshall,Tim
245 ## - TITLE STATEMENT
Title Prisoners of geography :
Remainder of title ten maps that tell you everything you need to know about global politics /
Statement of responsibility, etc Tim Marshall.
260 ## - PUBLICATION, DISTRIBUTION, ETC. (IMPRINT)
Place of publication, distribution, etc London:
Name of publisher, distributor, etc Elliott & Thompson Limited;
Date of publication, distribution, etc 2025.
300 ## - PHYSICAL DESCRIPTION
Pagination xxiv, 456 p. :
Other physical details ill;
Dimensions 20 cm.
650 ## - SUBJECT ADDED ENTRY--TOPICAL TERM
Topical term or geographic name as entry element Géopolitique
General subdivision Political geography
Geographic subdivision Politique mondiale
942 ## - ADDED ENTRY ELEMENTS (KOHA)
Source of classification or shelving scheme Dewey Decimal Classification
Koha item type Books
Holdings
Source of classification or shelving scheme Damaged status Not for loan Home library Current library Shelving location Date of accession Cost, normal purchase price Total Checkouts Full call number Barcode Checked out Date last seen Date checked out Copy number Method of acquisition Koha item type Currency
Dewey Decimal Classification     JCC Rouf Library JCC Rouf Library General Stacks   1919.00 1 327 MAR 2025 20239 11/16/2025 10/22/2025 10/22/2025 C-1 Purchase Books BDT
Dewey Decimal Classification     JCC Rouf Library JCC Rouf Library General Stacks   1919.00   327 MAR 2025 20240   09/07/2025   C-2 Purchase Books BDT

JCC Library | Contacts | JCC Home

Last Update on 23 September 2017
Copyright @ 2017-2020 JCC Rouf Library
Rouf Library, Jhenidah Cadet College (JCC), Bangladesh